[Event "ESP-ch U10"]
[Site "Salobrena"]
[Date "2023.07.08"]
[Round "9"]
[White "Miralles Serna, Ricardo"]
[Black "De Pablos Vicente, Angel"]
[Result "1-0"]
[WhiteElo "1454"]
[BlackElo "1288"]
[PlyCount "143"]
[EventDate "2023.07.03"]
[EventType "swiss"]
[EventRounds "9"]
[EventCountry "ESP"]
[SourceTitle "EXT 2024"]
[Source "ChessBase"]
[SourceDate "2023.10.10"]
[SourceVersion "1"]
[SourceVersionDate "2023.10.10"]
[SourceQuality "1"]

1. d4 d5 2. c4 e6 3. Nc3 Nf6 4. Bg5 Be7 5. e3 h6 6. Bf4 c5 7. Bd3 dxc4 8. Bxc4 cxd4 9. exd4 0-0 10. Nf3 b6 11. d5 exd5 12. Nxd5 Na6 13. 0-0 Bb7 14. Nxe7+ Qxe7 15. Bd6 Bxf3 16. Bxe7 Bxd1 17. Bxf8 Rxf8 18. Rfxd1 Nc5 19. f3 Ncd7 20. Re1 Re8 21. Rxe8+ Nxe8 22. Bb5 Nef6 23. Bxd7 Nxd7 24. Rd1 Ne5 25. b3 Kf8 26. Kf2 Ke7 27. Ke3 Nc6 28. a3 Ke6 29. Kd3 a6 30. Ke4 f5+ 31. Ke3 g5 32. Kd3 Ne5+ 33. Kc3 Nc6 34. Re1+ Kf7 35. Kc4 Ne7 36. Rxe7+ Kxe7 37. Kd5 Kd7 38. Ke5 f4 39. Kf6 Kd6 40. Kg6 Ke6 41. Kxh6 Kf6 42. Kh5 Kf5 43. h4 gxh4 44. Kxh4 a5 45. g4+ fxg3 46. Kxg3 b5 47. f4 b4 48. axb4 axb4 49. Kf3 Kf6 50. Ke4 Ke6 51. Kd4 Kf5 52. Kc4 Kxf4 53. Kxb4 Ke4 54. Kc5 Ke5 55. b4 Ke6 56. Kc6 Ke7 57. Kc7 Ke8 58. b5 Ke7 59. b6 Ke8 60. b7 Ke7 61. b8Q Ke6 62. Qb5 Ke7 63. Qd5 Kf6 64. Kd7 Kg6 65. Ke7 Kg7 66. Qf3 Kg6 67. Qf6+ Kh5 68. Qg7 Kh4 69. Qg2 Kh5 70. Kf6 Kh4 71. Kf5 Kh5 72. Qg5# 1-0